[Event "Wuerttemberg-ch Blitz"]
[Site "Murrhard"]
[Date "2021.08.20"]
[Round "11"]
[White "Koelle, Tobias"]
[Black "Koeller, Bernd"]
[Result "1-0"]
[WhiteElo "2340"]
[BlackElo "1758"]
[PlyCount "55"]
[EventDate "2021.08.20"]
[EventType "swiss (blitz)"]
[EventRounds "11"]
[EventCountry "GER"]
[SourceTitle "CBM 204 Extra"]
[Source "ChessBase"]
[SourceDate "2021.11.30"]
[SourceVersion "1"]
[SourceVersionDate "2021.11.30"]
[SourceQuality "1"]

1. e4 c5 2. Nf3 g6 3. Nc3 Bg7 4. d4 cxd4 5. Nxd4 d6 6. Be3 a6 7. Qd2 Nf6 8. f3 0-0 9. g4 b5 10. h4 b4 11. Nce2 e5 12. Nb3 a5 13. a4 d5 14. Bc5 Re8 15. Rd1 d4 16. c3 Na6 17. cxd4 Nxc5 18. dxc5 Qc7 19. Qd6 Ra7 20. Ng3 Bf8 21. Qxf6 Ra6 22. Bxa6 Re6 23. Qd8 Qxd8 24. Rxd8 Bxa6 25. Nf5 gxf5 26. gxf5 Rh6 27. Rg1+ Kh8 28. Rxf8# 1-0

[Event "Wuerttemberg-ch Blitz"]
[Site "Murrhard"]
[Date "2021.08.20"]
[Round "7"]
[White "Zehring, Mathias"]
[Black "Koeller, Bernd"]
[Result "0-1"]
[WhiteElo "1871"]
[BlackElo "1758"]
[PlyCount "86"]
[EventDate "2021.08.20"]
[EventType "swiss (blitz)"]
[EventRounds "11"]
[EventCountry "GER"]
[SourceTitle "CBM 204 Extra"]
[Source "ChessBase"]
[SourceDate "2021.11.30"]
[SourceVersion "1"]
[SourceVersionDate "2021.11.30"]
[SourceQuality "1"]

1. e4 e6 2. d4 Be7 3. Nf3 b6 4. Bd3 Bb7 5. 0-0 d6 6. Re1 Nd7 7. c4 g5 8. d5 e5 9. Nc3 g4 10. Nd2 h5 11. Nf1 Bg5 12. Bxg5 Qxg5 13. Ng3 h4 14. Nf5 Nh6 15. Nxh6 Rxh6 16. b4 Nf6 17. Qe2 Bc8 18. Qe3 Qg7 19. c5 g3 20. fxg3 hxg3 21. h3 Qh7 22. Qxg3 Rg6 23. Bb5+ Ke7 24. cxd6+ cxd6 25. Qe3 Bxh3 26. Bf1 Rag8 27. Re2 Ng4 28. Qd3 Qg7 29. Qxh3 Rh8 30. Qd3 Rgh6 31. g3 Rh1+ 32. Kg2 R8h2+ 33. Kf3 Rxe2 34. Kxe2 Rh2+ 35. Ke1 Nf2 36. Qf3 Ng4 37. Nb5 Qh6 38. Qc3 Nf2 39. Qc7+ Kf6 40. Qd8+ Kg7 41. Rb1 Nd3+ 42. Bxd3 Qd2+ 43. Kf1 Qf2# 0-1

[Event "GER-ch Net blitz qual4"]
[Site "Playchess.com INT"]
[Date "2020.03.23"]
[Round "2"]
[White "Koeller, Bernd"]
[Black "Scholz, Florian"]
[Result "1-0"]
[WhiteElo "1758"]
[BlackElo "1799"]
[PlyCount "59"]
[EventDate "2020.03.23"]
[EventType "swiss (blitz)"]
[EventRounds "9"]
[EventCountry "GER"]
[SourceTitle "CBM 195 Extra"]
[Source "ChessBase"]
[SourceDate "2020.05.31"]
[SourceVersion "1"]
[SourceVersionDate "2020.05.31"]
[SourceQuality "1"]

1. d4 Nf6 2. c4 c5 3. d5 e6 4. Nc3 exd5 5. cxd5 d6 6. Nf3 g6 7. Bg5 Bg7 8. e3 0-0 9. Be2 a6 10. h4 b5 11. Rb1 Qa5 12. Kf1 b4 13. Bxf6 Bxf6 14. Ne4 Be7 15. h5 Bf5 16. hxg6 Bxe4 17. gxh7+ Kh8 18. Bd3 f5 19. Nh4 Rf6 20. Bxe4 fxe4 21. Qh5 Qb5+ 22. Kg1 Nd7 23. Ng6+ Rxg6 24. Qxg6 Qd3 25. Rf1 Rf8 26. Rh3 Ne5 27. Qe6 Bg5 28. Qxd6 Re8 29. Rg3 Bh6 30. Qxh6 1-0

[Event "GER-ch Net blitz qual4"]
[Site "Playchess.com INT"]
[Date "2020.03.23"]
[Round "3"]
[White "Melde, Volker"]
[Black "Koeller, Bernd"]
[Result "1-0"]
[WhiteElo "1880"]
[BlackElo "1758"]
[PlyCount "55"]
[EventDate "2020.03.23"]
[EventType "swiss (blitz)"]
[EventRounds "9"]
[EventCountry "GER"]
[SourceTitle "CBM 195 Extra"]
[Source "ChessBase"]
[SourceDate "2020.05.31"]
[SourceVersion "1"]
[SourceVersionDate "2020.05.31"]
[SourceQuality "1"]

1. d4 e6 2. Nf3 Be7 3. c4 b6 4. Nc3 Bb7 5. e4 d6 6. Bd3 Nd7 7. 0-0 h5 8. d5 e5 9. Be3 g5 10. Qc1 g4 11. Ng5 Nc5 12. Bc2 Qd7 13. b4 Na6 14. Ba4 c6 15. dxc6 Bxc6 16. Bxc6 Qxc6 17. b5 Qxc4 18. bxa6 Rc8 19. Nd5 Qxc1 20. Raxc1 Rxc1 21. Rxc1 f6 22. Ne6 Kf7 23. Nec7 Nh6 24. Nxe7 Kxe7 25. Nd5+ Ke6 26. Bxh6 Rxh6 27. Rc7 f5 28. Re7# 1-0

[Event "GER-ch Net blitz qual4"]
[Site "Playchess.com INT"]
[Date "2020.03.23"]
[Round "1"]
[White "Mueller, Markus"]
[Black "Koeller, Bernd"]
[Result "1-0"]
[WhiteElo "2124"]
[BlackElo "1758"]
[PlyCount "85"]
[EventDate "2020.03.23"]
[EventType "swiss (blitz)"]
[EventRounds "9"]
[EventCountry "GER"]
[SourceTitle "CBM 195 Extra"]
[Source "ChessBase"]
[SourceDate "2020.05.31"]
[SourceVersion "1"]
[SourceVersionDate "2020.05.31"]
[SourceQuality "1"]

1. e4 c5 2. Nf3 g6 3. d4 cxd4 4. Qxd4 f6 5. h4 Nc6 6. Qd1 d6 7. h5 g5 8. Bc4 e6 9. Nc3 Bd7 10. Be3 a6 11. Qd2 Nh6 12. Nd4 Ng4 13. Nxe6 Bxe6 14. Bxe6 Nxe3 15. Qxe3 Qe7 16. Nd5 Qd8 17. 0-0 b5 18. f4 Bh6 19. fxg5 Bxg5 20. Qf3 Ne5 21. Qf5 h6 22. Rad1 Kf8 23. Nf4 Kg7 24. Ng6 Qb6+ 25. Kh1 Rhe8 26. Nxe5 dxe5 27. Qg6+ Kh8 28. Rxf6 Re7 29. Rdf1 Bxf6 30. Qxf6+ Rg7 31. Rd1 Qd8 32. Qxh6+ Rh7 33. Rxd8+ Rxd8 34. Qf6+ Rg7 35. Qxd8+ Kh7 36. Bf5+ Kh6 37. Qf6+ Kxh5 38. g4+ Rxg4 39. Bxg4+ Kxg4 40. Kg2 b4 41. Qf5+ Kh4 42. Kf3 b3 43. Qg4# 1-0

[Event "GER-ch Net blitz qual4"]
[Site "Playchess.com INT"]
[Date "2020.03.23"]
[Round "6"]
[White "Sundui, Chinguun"]
[Black "Koeller, Bernd"]
[Result "0-1"]
[WhiteElo "1773"]
[BlackElo "1758"]
[PlyCount "76"]
[EventDate "2020.03.23"]
[EventType "swiss (blitz)"]
[EventRounds "9"]
[EventCountry "GER"]
[SourceTitle "CBM 195 Extra"]
[Source "ChessBase"]
[SourceDate "2020.05.31"]
[SourceVersion "1"]
[SourceVersionDate "2020.05.31"]
[SourceQuality "1"]

1. Nf3 c5 2. e4 Nc6 3. b4 d6 4. bxc5 dxc5 5. Bb5 g6 6. Bb2 Nf6 7. 0-0 Bg7 8. Re1 0-0 9. Bxc6 bxc6 10. c3 Qc7 11. d4 Ng4 12. h3 Nh6 13. Nbd2 Rb8 14. Rb1 cxd4 15. cxd4 Bb7 16. Nc4 f5 17. e5 Ba6 18. Qc2 f4 19. Ng5 Bc8 20. Ne4 Bf5 21. Qc3 g5 22. Rbd1 g4 23. hxg4 Nxg4 24. Ng5 Bh6 25. Nf3 Rf7 26. e6 Rg7 27. Nfe5 Bg5 28. Nxg4 Bxg4 29. d5 Bf6 30. Qc2 Bxd1 31. Bxf6 Bxc2 32. Bxg7 Kxg7 33. Ne5 Rb1 34. Rxb1 Qxe5 35. Rb7 Kf6 36. Rxa7 Qe1+ 37. Kh2 Qxf2 38. d6 Be4 0-1